Kingdom concerns : (Record no. 1861)
[ view plain ]
| 000 -LEADER | |
|---|---|
| fixed length control field | 00711cam a2200229 a 4500 |
| 001 - CONTROL NUMBER | |
| control field | 3429724 |
| 003 - CONTROL NUMBER IDENTIFIER | |
| control field | GBCCL |
| 005 - DATE AND TIME OF LATEST TRANSACTION | |
| control field | 20241126110411.0 |
| 008 - FIXED-LENGTH DATA ELEMENTS--GENERAL INFORMATION | |
| fixed length control field | 921109s1989 ii b 000 0 eng d |
| 035 ## - SYSTEM CONTROL NUMBER | |
| System control number | (OCoLC)ocn685776384 |
| 035 ## - SYSTEM CONTROL NUMBER | |
| System control number | 3429724 |
| 040 ## - CATALOGING SOURCE | |
| Original cataloging agency | NjPT |
| Transcribing agency | NjPT |
| Modifying agency | NNUT |
| 082 ## - DEWEY DECIMAL CLASSIFICATION NUMBER | |
| Classification number | 266.001 |
| Item number | GNA |
| 100 1# - MAIN ENTRY--PERSONAL NAME | |
| Personal name | Gnanakan, Ken. |
| 9 (RLIN) | 258 |
| 245 10 - TITLE STATEMENT | |
| Title | Kingdom concerns : |
| Remainder of title | a biblical exploration towards a theology of mission / |
| Statement of responsibility, etc. | Ken R. Gnanakan. |
| 260 ## - PUBLICATION, DISTRIBUTION, ETC. | |
| Place of publication, distribution, etc. | Bangalore, India : |
| Name of publisher, distributor, etc. | Theological Book Trust, |
| Date of publication, distribution, etc. | 1989. |
| 300 ## - PHYSICAL DESCRIPTION | |
| Extent | v, 208 p. ; |
| Dimensions | 21 cm. |
| 504 ## - BIBLIOGRAPHY, ETC. NOTE | |
| Bibliography, etc. note | Includes bibliographical references. |
| 650 #0 - SUBJECT ADDED ENTRY--TOPICAL TERM | |
| Topical term or geographic name entry element | Missions |
| General subdivision | Theory. |
| 9 (RLIN) | 48 |
| 650 #0 - SUBJECT ADDED ENTRY--TOPICAL TERM | |
| Topical term or geographic name entry element | Missions |
| General subdivision | Biblical teaching. |
| 9 (RLIN) | 481 |
| 942 ## - ADDED ENTRY ELEMENTS (KOHA) | |
| Source of classification or shelving scheme | Dewey Decimal Classification |
| Koha item type | Books |
| Koha issues (borrowed), all copies | 4 |
| Withdrawn status | Lost status | Source of classification or shelving scheme | Damaged status | Not for loan | Home library | Current Library | Shelving location | Date acquired | Total checkouts | Full call number | Barcode | Date last seen | Date last checked out | Copy number | Price effective from | Koha item type |
|---|---|---|---|---|---|---|---|---|---|---|---|---|---|---|---|---|
| Dewey Decimal Classification | GRACE BIBLE COLLEGE | GRACE BIBLE COLLEGE | Ministry & Mission | 2017-05-30 | 1 | 266.001 GNA | 000609 | 2025-05-01 | 2019-10-21 | c.6 | 2017-05-30 | Books | ||||
| Dewey Decimal Classification | GRACE BIBLE COLLEGE | GRACE BIBLE COLLEGE | Ministry & Mission | 2017-05-30 | 1 | 266.001 GNA | 000607 | 2025-05-01 | 2024-09-20 | c.4 | 2017-05-30 | Books | ||||
| Dewey Decimal Classification | GRACE BIBLE COLLEGE | GRACE BIBLE COLLEGE | Ministry & Mission | 2017-05-30 | 266.001 GNA | 000605 | 2025-05-01 | c.2 | 2017-05-30 | Books | ||||||
| Dewey Decimal Classification | GRACE BIBLE COLLEGE | GRACE BIBLE COLLEGE | Ministry & Mission | 2017-05-30 | 266.001 GNA | 000608 | 2025-05-01 | c.5 | 2017-05-30 | Books | ||||||
| Dewey Decimal Classification | GRACE BIBLE COLLEGE | GRACE BIBLE COLLEGE | Ministry & Mission | 2017-05-30 | 1 | 266.001 GNA | 000591 | 2025-05-01 | 2018-10-09 | c.1 | 2017-05-30 | Books | ||||
| Dewey Decimal Classification | GRACE BIBLE COLLEGE | GRACE BIBLE COLLEGE | Ministry & Mission | 2017-05-30 | 1 | 266.001 GNA | 000606 | 2025-05-01 | 2019-02-14 | c.3 | 2017-05-30 | Books | ||||
| Dewey Decimal Classification | GRACE BIBLE COLLEGE | GRACE BIBLE COLLEGE | Ministry & Mission | 2023-01-24 | 266.001 GNA | 020445 | 2025-05-01 | c.7 | 2023-01-24 | Books |